| 000 | 00697nam a22002057a 4500 | ||
|---|---|---|---|
| 999 |
_c478268 _d478268 |
||
| 003 | NUST | ||
| 005 | 20180503050411.0 | ||
| 008 | 180503b ||||| |||| 00| 0 eng d | ||
| 040 | _c0 | ||
| 082 | _a628 UMA | ||
| 100 |
_aMuhammad Umar, M Umair Riaz Sipra, Syed Salaar Haider _910276 |
||
| 245 |
_a"To Design the Parameters for Carbon Trading System in Pakistan" _cMuhammad Umar, M Umair Riaz Sipra, Syed Salaar Haider |
||
| 260 |
_aIslamabad _bIESE (SCEE) NUST _c2017 |
||
| 300 | _a42p. | ||
| 440 |
_aUG Environmental Engineering _91834 |
||
| 500 | _aThesis UG EE | ||
| 650 |
_aEnvironmental Engineering _91550 |
||
| 700 |
_aDr. Salahuddin Azad (Supervisor) _910277 |
||
| 942 |
_2ddc _cTHE _kIESE |
||